[Event "Martin Christoffel mem Gold corr"]
[Site "Switzerland"]
[Date "2003.06.16"]
[Round "?"]
[White "Von Weizsaecker, Robert K"]
[Black "Saksis, Juris A"]
[Result "1-0"]
[WhiteElo "2553"]
[BlackElo "2530"]
[PlyCount "57"]
[EventDate "2002.06.01"]
[EventType "tourn (corr)"]
[EventRounds "8"]
[EventCountry "SUI"]
[SourceTitle "Corr 2006"]
[Source "ChessBase"]
[SourceDate "2006.04.01"]
[SourceVersion "3"]
[SourceVersionDate "2006.04.01"]
[SourceQuality "1"]

1. d4 d6 2. c4 e5 3. Nc3 exd4 4. Qxd4 Nf6 5. Bg5 Be7 6. e3 Nc6 7. Qd2 h6 8. Bf4 Bf5 9. Bd3 Bxd3 10. Qxd3 Ne5 11. Qe2 Qd7 12. Nf3 Qe6 13. 0-0 Nxf3+ 14. Qxf3 0-0-0 15. e4 Qxc4 16. Rac1 Rd7 17. Be3 Kb8 18. Rfd1 Re8 19. Qg3 h5 20. f3 Qe6 21. b4 b6 22. Nb5 Kb7 23. Nd4 Qxa2 24. Ra1 Qc4 25. b5 Nh7 26. Rac1 Qb4 27. Qxg7 Bf6 28. Qxh7 Bxd4 29. Rxd4 1-0

[Event "Martin Christoffel mem Gold corr"]
[Site "Switzerland"]
[Date "2003.05.11"]
[Round "?"]
[White "Kupsys, Alfonsas"]
[Black "Von Weizsaecker, Robert K"]
[Result "0-1"]
[WhiteElo "2577"]
[BlackElo "2553"]
[PlyCount "62"]
[EventDate "2002.06.01"]
[EventType "tourn (corr)"]
[EventRounds "8"]
[EventCountry "SUI"]
[SourceTitle "Corr 2006"]
[Source "ChessBase"]
[SourceDate "2006.04.01"]
[SourceVersion "3"]
[SourceVersionDate "2006.04.01"]
[SourceQuality "1"]

1. e4 c6 2. d4 d5 3. e5 Bf5 4. Nc3 e6 5. g4 Bg6 6. Nge2 Ne7 7. f4 Na6 8. Ng3 Nb4 9. f5 exf5 10. a3 f4 11. axb4 fxg3 12. hxg3 a6 13. Bg5 b5 14. Ne2 Be4 15. Rh4 Qc8 16. Bd2 Ng6 17. Rh2 Bf3 18. g5 Be7 19. Ra3 Bg4 20. Qc1 0-0 21. Rf2 f6 22. exf6 gxf6 23. gxf6 Rxf6 24. Rxf6 Bxf6 25. Bh6 Qf5 26. Qe3 Be7 27. c3 Bf8 28. Ra1 Bxh6 29. Qxh6 Re8 30. Kd2 Qf3 31. Re1 Qe4 0-1

[Event "Martin Christoffel mem Gold corr"]
[Site "Switzerland"]
[Date "2003.04.13"]
[Round "?"]
[White "Von Weizsaecker, Robert K"]
[Black "Toro Solis de Ovando, Guillermo F"]
[Result "1/2-1/2"]
[WhiteElo "2553"]
[BlackElo "2600"]
[PlyCount "46"]
[EventDate "2002.06.01"]
[EventType "tourn (corr)"]
[EventRounds "8"]
[EventCountry "SUI"]
[SourceTitle "Corr 2006"]
[Source "ChessBase"]
[SourceDate "2006.04.01"]
[SourceVersion "3"]
[SourceVersionDate "2006.04.01"]
[SourceQuality "1"]

1. d4 Nf6 2. c4 e6 3. Nf3 d5 4. Nc3 Be7 5. Bg5 h6 6. Bh4 0-0 7. e3 b6 8. cxd5 Nxd5 9. Bxe7 Qxe7 10. Nxd5 exd5 11. Bd3 c5 12. b3 Be6 13. 0-0 Nd7 14. Rc1 Rac8 15. Ba6 Rc7 16. h3 Bf5 17. dxc5 Nxc5 18. Be2 Be4 19. b4 Ne6 20. Rxc7 Qxc7 21. Qd2 Qd8 22. Rc1 Bxf3 23. Bxf3 d4 1/2-1/2